|
|
|
|
| LEADER |
00922nam a2200229 a 4500 |
| 001 |
4519176 |
| 008 |
101122s1996 nyua b 001 0 eng d |
| 020 |
|
|
|a 0070366187
|
| 040 |
|
|
|a ICP
|c IMJ
|d BD-DhAAL
|
| 082 |
0 |
4 |
|a 004
|2 22
|
| 100 |
1 |
|
|a Laudon, Kenneth C.,
|d 1944-
|
| 245 |
0 |
0 |
|a Interactive computing :
|b concepts and skills /
|c Kenneth C. Laudon.
|
| 260 |
|
|
|a New York :
|b McGraw-Hill,
|c c1996.
|
| 300 |
|
|
|a xix, 286 p. :
|b ill. ;
|c 26 cm.
|
| 504 |
|
|
|a Includes bibliographical references and index.
|
| 541 |
1 |
|
|e 00007815
|
| 650 |
|
0 |
|a Computers.
|
| 650 |
|
0 |
|a Computer software.
|
| 852 |
4 |
|
|a Ayesha Abed library
|j General Shelf.
|
| 999 |
|
|
|c 10098
|d 10098
|
| 952 |
|
|
|0 0
|1 0
|2 ddc
|4 0
|6 004_LAU
|7 0
|9 13342
|a BRACUL
|b BRACUL
|c GEN
|d 2010-12-01
|l 0
|o 004 LAU
|p 3010007815
|r 2010-12-01
|t 1
|w 2010-12-01
|y BK
|
| 952 |
|
|
|0 0
|1 0
|2 ddc
|4 0
|6 004_000000000000000_LAU
|7 0
|9 24143
|a SCL
|b SCL
|c GEN
|d 2005-12-19
|l 0
|o 004 LAU
|p 3020005975
|r 2014-04-19
|t 2
|w 2005-12-19
|y BK
|